Účtovné odpisy ako dôležitá súčasť nákladov na hospodársku činnosť bakalárska práca

Saved in:
Bibliographic Details
Main Author: Farkas, Evelin
Corporate Author: Fakulta hospodárskej informatiky EU. Katedra účtovníctva a audítorstva
Other Authors: Kňažková, Veronika, 1986-
Format: Book
Language:Slovak
Published: Bratislava 2014
Tags: Add Tag
No Tags, Be the first to tag this record!

MARC

LEADER 00000nbm a2200000 4500
001 0189804
005 20170201111710.3
041 0 |a slo 
044 |a SK 
245 1 0 |a Účtovné odpisy ako dôležitá súčasť nákladov na hospodársku činnosť  |b bakalárska práca  |c Evelin Farkas ; školiteľ: Veronika Kňažková 
264 1 |a Bratislava  |c 2014 
300 |a 44 s. 
100 1 |a Farkas, Evelin 
700 1 |a Kňažková, Veronika, 1986- 
710 2 |a Fakulta hospodárskej informatiky EU. Katedra účtovníctva a audítorstva